Repertorium generale seu index absolutissimus rerum et materiarum omnium, nec non verborum notabiliorum quae in quatuordecim tomis operum / (Record no. 10781)
[ view plain ]
| 000 -CABECERA | |
|---|---|
| campo de control de longitud fija | 00697nam a22001817a 4500 |
| 003 - IDENTIFICADOR DEL NÚMERO DE CONTROL | |
| campo de control | FranzMayer |
| 005 - FECHA Y HORA DE LA ÚLTIMA TRANSACCIÓN | |
| campo de control | 20191004123143.0 |
| 008 - DATOS DE LONGITUD FIJA--INFORMACIÓN GENERAL | |
| campo de control de longitud fija | 190911b ||||| |||| 00| 0 eng d |
| 040 ## - FUENTE DE LA CATALOGACIÓN | |
| Centro/agencia transcriptor | Franz |
| 100 ## - ENTRADA PRINCIPAL--NOMBRE DE PERSONA | |
| Nombre de persona | Gutierrez, Joannis |
| 9 (RLIN) | 28348 |
| 245 ## - MENCIÓN DE TÍTULO | |
| Título | Repertorium generale seu index absolutissimus rerum et materiarum omnium, nec non verborum notabiliorum quae in quatuordecim tomis operum / |
| Mención de responsabilidad, etc. | D. Joannis Gutierrez Hispani. |
| 260 ## - PUBLICACIÓN, DISTRIBUCIÓN, ETC. | |
| Lugar de publicación, distribución, etc. | Coloniae Allobrogum [Ginebra] : |
| Nombre del editor, distribuidor, etc. | Sumptibus Perachon & Cramer, |
| Fecha de publicación, distribución, etc. | 1731. |
| 300 ## - DESCRIPCIÓN FÍSICA | |
| Extensión | [10], 378 p. ; |
| Dimensiones | 39 cm. |
| 500 ## - NOTA GENERAL | |
| Nota general | Estado físico : en mal estado, separado para restauración |
| 500 ## - NOTA GENERAL | |
| Nota general | CO-11 |
| 650 ## - PUNTO DE ACCESO ADICIONAL DE MATERIA--TÉRMINO DE MATERIA | |
| Término de materia o nombre geográfico como elemento de entrada | Derecho canónico |
| 9 (RLIN) | 21260 |
| 942 ## - ELEMENTOS DE PUNTO DE ACCESO ADICIONAL (KOHA) | |
| Fuente del sistema de clasificación o colocación | Library of Congress Classification |
| Tipo de ítem Koha | Libros |
| Estado de retiro | Estado de pérdida | Fuente del sistema de clasificación o colocación | Estado dañado | No para préstamo | Código de colección | Localización permanente | Ubicación/localización actual | Fecha de adquisición | Número de inventario | Total de préstamos | Código de barras | Fecha visto por última vez | Precio válido a partir de | Tipo de ítem Koha |
|---|---|---|---|---|---|---|---|---|---|---|---|---|---|---|
| El ejemplar forma parte de la colección y puede ser consultado según las políticas vigentes. | Library of Congress Classification | Conventual Franz Mayer | Biblioteca del Museo Franz Mayer (Rogerio Casas-Alatriste) | Biblioteca del Museo Franz Mayer (Rogerio Casas-Alatriste) | 11/09/2019 | CO-11 | CFM00492 | 11/09/2019 | 11/09/2019 | Libros |